LA COMUNIDAD Y SUS RECURSOS: AYOTITLAN ESARROLLO SUSTENTABLE? /
INCLUYE BIBLIOGRAFIA
Gespeichert in:
| Weitere Verfasser: | |
|---|---|
| Format: | Buch |
| Schlagworte: | |
| Tags: |
Keine Tags, Fügen Sie das erste Tag hinzu!
|
MARC
| LEADER | 00000nam^a2200000^a^4500 | ||
|---|---|---|---|
| 001 | 000246654 | ||
| 005 | 20250521000000.0 | ||
| 009 | 20260310105545.658 | ||
| 020 | |a 968-895-713-5 | ||
| 035 | |a 070236 | ||
| 037 | |a Acervo Xavier Clavigero | ||
| 082 | |a 307. 1 |b COM | ||
| 245 | 1 | 3 | |a LA COMUNIDAD Y SUS RECURSOS: |b AYOTITLAN ESARROLLO SUSTENTABLE? / |c COORD. ROSA ROJAS |
| 264 | |a Guadalajara, México : |b U DE G, |c 1996 | ||
| 300 | |a 277 p. | ||
| 336 | |a texto |b txt |2 rdacontenido | ||
| 337 | |a sin mediación |b n |2 rdamedio | ||
| 338 | |a volumen |b nc |2 rdasoporte | ||
| 520 | |a INCLUYE BIBLIOGRAFIA | ||
| 649 | |a XX | ||
| 650 | |a Desarrollo Comunitario - |z Ayotitlán, Jalisco | ||
| 650 | |a Desarrollo Sustentable | ||
| 700 | |a Rojas, Rosa |e (coordinación) | ||
| 910 | |a Fondo General | ||
| 920 | |a Impresos - Libros | ||
| 930 | |a Colección General | ||
| 905 | |a 101 | ||
| 901 | |a 070236 |b IT1 |c ACC |i 070236 |u 20250521 | ||
| 902 | |a https://opac.biblio.iteso.mx/vufind/Record/000246654 | ||